Quizzes
Events
Quiz Creation
Community
Videos
Private Events
Remove Ads
Sign In
Join for FREE
Feedback
Dark Mode
Quiz Categories
Sports
Geography
Music
Movies
Television
Just For Fun
Miscellaneous
History
Literature
Language
Science
Gaming
Entertainment
Religion
Holiday
For Kids
Quiz Lab
Recent
Popular Today
Quiz Kudos Today
Editor Picks
Curator Picks
Quizzes by...
Day
Popularity
Type
Ratings
Length
Year
Community
Subscriptions
Recent Discussions
Orange Saloon
Badges
Playlists
Quests
Create
Leaderboards
Showdown
Live 5
Trivia Bingo
Activity
Puzzle Library
Sporcle Events
Private Events
Virtual Trivia
Globe League
Become a Host
Pub Owners
SporcleCon
Opinionation
Our Games
Videos
Blog
Mobile Apps
Partnerships
Remove Ads and Go Orange
Feedback
Gaming
Video Games
Board Games
Card Games
Pokémon
Mario
Nintendo
Minecraft
Console
Toys
Legend of Zelda
Gaming
Video Games
Board Games
Card Games
Pokémon
Mario
Nintendo
Minecraft
Console
Toys
Legend of Zelda
Random Quiz
Search Sporcle
×
Quiz Lab
Quiz Lab
Gaming
NBA
Type in answers that appear in a list
Type in answers that appear in a list
Classic
Best Score? Go Orange.
NBA 2K12 Intro Video Stats
Can you name the basketball players in the NBA 2K12 Intro Video ?
By
jrock826
11m
35 Questions
514 Plays
514 Plays
514 Plays
Comments
Comments
Give Quiz Kudos
Give Quiz Kudos
-
- Ratings
hide this ad
More Info
Replay
Link that replays current quiz
Next Quiz
Link to next quiz in quiz playlist
You Got
0%
They Got
Avg Score
74%
Avg Friend Score
Upgrade to see
Score Distribution
Jump to the score distribution portion of the page
Score
0/35
Timer
11:00
0
Plays Today
Player's Team in Video
Player
% Correct
Miami Heat
LeBron James
95.9%
Los Angeles Lakers
Kobe Bryant
94.9%
Chicago Bulls
Derrick Rose
94.6%
Miami Heat
Dwyane Wade
93.2%
Orlando Magic
Dwight Howard
91.8%
Dallas Mavericks
Dirk Nowitzki
85.6%
Chicago Bulls
Michael Jordan
83.1%
Oklahoma City Thunder
Kevin Durant
82.7%
Los Angeles Lakers
Magic Johnson
80.4%
San Antonio Spurs
Tim Duncan
80.2%
Utah Jazz
Karl Malone
79.2%
New Orleans Hornets
Chris Paul
79.2%
New York Knicks
Carmelo Anthony
79.2%
Boston Celtics
Larry Bird
78.4%
Orlando Magic
Shaquille O'Neal
78.2%
Utah Jazz
John Stockton
77%
Los Angeles Clippers
Blake Griffin
76.5%
Phoenix Suns
Steve Nash
76.3%
Player's Team in Video
Player
% Correct
New York Knicks
Patrick Ewing
72.8%
Detroit Pistons
Isiah Thomas
71.6%
Washington Wizards
John Wall
71.2%
Los Angeles Lakers
Jerry West
70.6%
San Antonio Spurs
David Robinson
70.4%
Milwaukee Bucks
Kareem Abdul-Jabbar
69.1%
Boston Celtics
Bill Russell
68.3%
Houston Rockets
Hakeem Olajuwon
67.9%
Seattle SuperSonics
Gary Payton
66.5%
Chicago Bulls
Dennis Rodman
66.3%
Atlanta Hawks
Dominique Wilkins
64.8%
New York Knicks
Amar'e Stoudemire
64.2%
Philadelphia 76ers
Julius Erving
63.2%
Los Angeles Lakers
Wilt Chamberlain
62.5%
Milwaukee Bucks
Oscar Robertson
55.8%
Denver Nuggets
Dikembe Mutombo
51.9%
Atlanta Hawks
Pete Maravich
27.4%
Quiz Playlist
Details
Report
Send in Message
Add To Playlist
More Info:
No player is counted twice.
Classic:
Type in answers that appear in a list
Last Updated: Feb 16, 2017
Quiz Scoreboard
CHALLENGE
Sign Up to Join the Scoreboard
Show All
Scores
Hide
Comments
May contain spoilers
Recently Published
Decade Duel: World Leaders
by jenniferyan
History
4m
Alphabetical 'K' Countries by Flag Minefield
by ylime102
Geography
3m
Pick 6: Fruits
by JohnFran
Miscellaneous
15s
More to Explore
Quiz From the Vault
Featured Blog Post
15 Basketball Trivia Facts You Can Be March Mad About
hide this ad
You Might Also Like...
Tags
Basketball Quiz
NBA Quiz
intro
Player
team
Video
Today's Top Quizzes in Gaming
Browse Gaming
hide this ad
Today's Top Quizzes in NBA
Browse NBA
Top Contributed Quizzes in Gaming
1
Pokémon Gen IV Logic Puzzle (HARD)
2
HARD Pokemon Logic Puzzle
3
Honkai: Star Rail Technique Names Quiz
4
Order Genshin Impact characters by release date!
5
Rainbow Six Siege Operators by Picture
6
Genshin Impact Logic Puzzle
7
Magic: the Gathering Set Symbols - LCI
8
Wii Remote Buttons
9
The Slinky Quiz
10
Genshin Impact Logic Puzzle Quiz
Explore More
Trending Topics
Marvel
Crossword
Disney
Anime
NBA
Kpop
Harry Potter
The Office
NFL
Puzzle
WWE
Pokémon
Song
Country
Soccer
hide this ad
More By:
jrock826
Quiz
Plays
Rating
Category
Featured
Created
World Heavyweight Champions (Clickable)
36,175
2.38
Sports
Mar 29, 2012
Randy Orton WWE PPV/Network Event Opponents
10,755
3.21
Sports
Feb 16, 2011
NBA Eastern Conference PPG Team Leaders 2000-2019
10,360
4.80
Sports
Jan 29, 2015
Top 100 MLB Players of 2018
9,781
4.33
Sports
Feb 15, 2018
NFL Random Trivia (2005-15)
8,075
3.30
Sports
Nov 14, 2014
Go to Creator's Profile
Score Distribution
Quiz Creator Spotlight
jrock826
Follow
Send a Message
Quizzes Created
-
Created Quiz Play Count
-
More By This Creator
Popular Quizzes Today
1
Countries of Asia Without Outlines Minefield
2
Find the US States - No Outlines Minefield
3
Pick 6: Fruits
4
Alphabetical 'K' Countries by Flag Minefield
5
The Countries of the World
6
Find the Countries of Europe - No Outlines Minefield
7
US States
8
Find the US States
More Gaming Quizzes
Get the Picture: Water Type Gym Leaders
Quiz Lab
Trending Quizzes
Pick 6: Mountains
Pick 6: Harry Potter
Pick 6: Flags
Pick 6: NFL Teams
Pick 6: Movie Franchises
Recently Updated
Adaptations: Name the Title
pecheneg
NWSL Teams
pecheneg
Women's Final Four Teams by Year
bhenderson79
Presidents Quartet II
eogle
Anything But Clue(do)
eogle
Anything But Oceanian Capitals
eogle
Anything But 7
eogle
Anything But Thing
eogle
Word Ladder: February 29
pecheneg
Song Title Questions
pecheneg
Trending Topics
Disney
Kpop
Anime
NBA
Marvel
Harry Potter
Crossword
Pokémon
NFL
The Office
Song
Puzzle
WWE
Country
Soccer
Your Account Isn't Verified!
In order to create a playlist on Sporcle, you need to verify the email address you used during registration. Go to your
Sporcle Settings
to finish the process.
Report this User
Report this user for behavior that violates our
Community Guidelines
.
Details:
Send Report
Go to the Sporcle.com Mobile Site →
Comments